000 00603nam a2200229 a 4500
005 20160104081318.0
008 140114b1993 ck ||||fr|||| 00| 0 spa d
040 _aCO-BoIAVH
_cCO-BoIAVH
041 _aspa
044 _ack
082 4 _a639.978
_bN21u
090 _aLB
_b00107
100 1 _aNaranjo Henao, Luis Germán
245 _aUcumarí
_btierra de aves
250 _a2 ed.
260 _aPereira
_bCARDER
_c1993
300 _a69 paginas.
_bIlustaciones
_c21 x 17 cm.
650 6 _aAves
650 6 _aInventarios
650 6 _aMétodos de campo
942 _cLIBRO
_2ddc
999 _c127
_d127